TeaPortrait and candid photography photo workshop

Salvato in:
Dettagli Bibliografici
Autore principale:  Manning, Erin
Natura: Sách
Lingua:Undetermined
Pubblicazione:  John Wiley & Sons  2012
Soggetti:
Tags: Aggiungi Tag
Nessun Tag, puoi essere il primo ad aggiungerne! !
Thư viện lưu trữ: Trung tâm Thư viện - Trường Đại học Công nghiệp TP. Hồ Chí Minh
LEADER 00497nam a2200157Ia 4500
001 UIH_04204
008 231011s9999 xx 000 0 und d
082 |a  778.92 
100 |a  Manning, Erin 
245 0 |a  TeaPortrait and candid photography photo workshop 
245 0 |c  Manning, Erin 
260 |b  John Wiley & Sons 
260 |c  2012 
650 |a  Chụp ảnh chân dung;  
927 |a Sách 
980 |a Trung tâm Thư viện - Trường Đại học Công nghiệp TP. Hồ Chí Minh